000 00846cam a2200229 4500
001 8995
010 _a9782958847616
090 _a8995
099 _tLIVR
100 _a20240723d2024 m y0frey50 ba
101 0 _afre
102 _aFR
200 1 _aHistoires d'eaux
_bLIVR
_fViviane Dalles
210 _aFrance
_cL'Atelier Val d'Aigoual
_d2023
215 _a63p.
_cill. en coul.
_d24 cm
330 _aMon père disait qu'une femme pouvait remonter le lit de la rivière sans se mailler les bas, tellement le lit de la rivière était propre. Patrice, La Pieyre, septembre 2020.
606 _3Histoires d'eaux
_aPhotographie
_924065
700 _315796989
_aDalles
_bViviane
_4070
_924062
701 _4Conception Graphique
_aMartin-Célo
_bLine
_924063
701 _4600
_aLes Artisans du regard
_924064
801 0 _aTN
_b32BIS
_c20251016
_gUNIMARC
830 _aMS